Quizzes
Events
Quiz Creation
Community
Videos
Private Events
Remove Ads
Sign In
Join for FREE
Feedback
Dark Mode
Quiz Categories
Sports
Geography
Music
Movies
Television
Just For Fun
Miscellaneous
History
Literature
Language
Science
Gaming
Entertainment
Religion
Holiday
For Kids
Quiz Lab
Recent
Popular Today
Quiz Kudos Today
Editor Picks
Curator Picks
Quizzes by...
Day
Popularity
Type
Ratings
Length
Year
Community
Subscriptions
Recent Discussions
Orange Saloon
Badges
Playlists
Quests
Create
Leaderboards
Showdown
Live 5
Trivia Bingo
Activity
Puzzle Library
Sporcle Events
Private Events
Virtual Trivia
Globe League
Become a Host
Pub Owners
SporcleCon
Opinionation
Our Games
Videos
Blog
Mobile Apps
Partnerships
Remove Ads and Go Orange
Feedback
Geography
Country
Landmarks
City
State
Population
World
Capital
Continent
Flags
Europe
Africa
Asia
South America
North America
Oceania
Border
Canada
United Kingdom
Topography
United States
Geography
Country
Landmarks
City
State
Population
World
Capital
Continent
Flags
Europe
Africa
Asia
South America
North America
Oceania
Border
Canada
United Kingdom
Topography
United States
Random Quiz
Search Sporcle
×
Quiz Lab
Quiz Lab
Geography
Amsterdam
Type in answers that appear in a list
Type in answers that appear in a list
Classic
Best Score? Go Orange.
Amsterdam metro stations Stats
Can you name the Amsterdam metro stations?
By
Jbosdriesz
10m
76 Questions
1,070 Plays
1,070 Plays
1,070 Plays
Comments
Comments
Give Quiz Kudos
Give Quiz Kudos
-
- Ratings
hide this ad
Replay
Link that replays current quiz
Next Quiz
Link to next quiz in quiz playlist
You Got
0%
They Got
Avg Score
65%
Avg Friend Score
Upgrade to see
Score Distribution
Jump to the score distribution portion of the page
Score
0/76
Timer
10:00
0
Plays Today
% Correct
Centraal Station
95.4%
Centraal Station
95.4%
Centraal Station
95.4%
Centraal Station
95.4%
Station Zuid
91.4%
Station Zuid
91.3%
Station Zuid
91.3%
Amstelstation
90.7%
Amstelstation
90.6%
Amstelstation
90.6%
Station Bijlmer Arena
86.4%
Station Bijlmer Arena
86.3%
Station RAI
83.8%
Station RAI
83.7%
Gein
83.2%
Gein
83.1%
Nieuwmarkt
81.6%
Nieuwmarkt
81.6%
Nieuwmarkt
81.6%
Waterlooplein
81.4%
Waterlooplein
81.3%
Waterlooplein
81.3%
Weesperplein
79.5%
Weesperplein
79.5%
Weesperplein
79.5%
Station Sloterdijk
78.8%
Wibautstraat
77.5%
Wibautstraat
77.5%
Wibautstraat
77.4%
Noord
77%
Isolatorweg
76.9%
Station Duivendrecht
76.9%
Station Duivendrecht
76.8%
Spaklerweg
71.9%
Spaklerweg
71.9%
Spaklerweg
71.9%
Station Lelylaan
71.7%
Van der Madeweg
70.8%
% Correct
Van der Madeweg
70.8%
Van der Madeweg
70.8%
Station Holendrecht
70.5%
Station Holendrecht
70.4%
Overamstel
69.8%
Overamstel
69.8%
Rokin
69.3%
Gaasperplas
68.8%
De Pijp
65.9%
Isolatorweg
62.9%
Amstelveenseweg
61.5%
Strandvliet
61.5%
Strandvliet
61.5%
Station Diemen-Zuid
61.1%
Vijzelgracht
59.6%
Bullewijk
58.5%
Bullewijk
58.5%
Europaplein
56.8%
Noorderpark
55.3%
Postjesweg
54.2%
Kraaienneststation
51.9%
Henk Sneevlietweg
49.6%
Burgemeester de Vlugtlaan
46.4%
Reigersbos
46.3%
Reigersbos
46.3%
Jan van Galenstraat
44.2%
Venserpolder
44%
Heemstedestraat
42.1%
Station Lelylaan
40.7%
Station Sloterdijk
39.8%
Station Ganzenhoef
39%
Amstelveenseweg
38.9%
Verrijn Stuartweg
36.2%
Henk Sneevlietweg
36.1%
Jan van Galenstraat
34.7%
Postjesweg
33%
Heemstedestraat
31%
Burgemeester de Vlugtlaan
30.8%
Quiz Playlist
Details
Report
Send in Message
Add To Playlist
Classic:
Type in answers that appear in a list
Last Updated: Oct 5, 2021
Quiz Scoreboard
CHALLENGE
Sign Up to Join the Scoreboard
Show All
Scores
Hide
Comments
May contain spoilers
Recently Published
Click the 1999 NBA Draft
by nibperrychub
Sports
2m
Alphabetical 'K' Countries by Flag Minefield
by ylime102
Geography
3m
Pick 6: Fruits
by JohnFran
Miscellaneous
15s
More to Explore
Quiz From the Vault
Featured Blog Post
15 Basketball Trivia Facts You Can Be March Mad About
hide this ad
You Might Also Like...
Tags
Amsterdam
metro
station
Today's Top Quizzes in Geography
Browse Geography
hide this ad
Today's Top Quizzes in Amsterdam
Browse Amsterdam
Top Contributed Quizzes in Geography
1
Countries of the World - No Outlines Minefield
2
Alphabetical 'L' Countries By Flag Minefield
3
Pick 6: Mountains
4
Pick 6: US States
5
Complete the Map Snippet (Minefield) IX
6
Pick 6: National Parks
7
Find the Landmarks A-Z
8
Erase Asia (No Outlines or Skips)
9
Least Populated Answer: 'G' Countries
10
Complete the Map Snippet (Minefield) XIV
Explore More
Trending Topics
Crossword
Disney
NBA
Harry Potter
Anime
Marvel
Kpop
Pokémon
The Office
Country
Puzzle
WWE
Song
Soccer
NFL
hide this ad
More By:
Jbosdriesz
Quiz
Plays
Rating
Category
Featured
Created
Top 25 Cities of the Netherlands on a Map
79,462
3.97
Geography
Aug 7, 2014
Dutch Football League Champions
9,230
4.63
Sports
Apr 26, 2012
UCI World Tour stage race winners (since 2009)
6,792
4.55
Sports
Jun 15, 2015
ATP Masters 1000 winners since 2000
6,019
5.00
Sports
Oct 16, 2021
Darts - PDC Majors Winners by year
4,081
4.80
Sports
Oct 13, 2014
Go to Creator's Profile
Score Distribution
Quiz Creator Spotlight
Jbosdriesz
Follow
Send a Message
Quizzes Created
-
Created Quiz Play Count
-
More By This Creator
Popular Quizzes Today
1
Find the US States - No Outlines Minefield
2
Countries of Asia Without Outlines Minefield
3
Pick 6: Fruits
4
The Countries of the World
5
Alphabetical 'K' Countries by Flag Minefield
6
Click the 1999 NBA Draft
7
Find the US States
8
Match the Book to the Film X
More Geography Quizzes
Cities Sorting Gallery VII
Published
Trending Quizzes
Pick 6: Harry Potter
Pick 6: Mountains
Pick 6: NFL Teams
Pick 6: Movie Franchises
Pick 6: Golfers
Recently Updated
Women's Final Four Teams by Year
bhenderson79
Presidents Quartet II
eogle
Anything But Clue(do)
eogle
Anything But Oceanian Capitals
eogle
Anything But 7
eogle
Anything But Thing
eogle
Word Ladder: February 29
pecheneg
Song Title Questions
pecheneg
Women's NCAA Tournament #1 Seeds
pecheneg
Celebrity Mug Shots
pecheneg
Trending Topics
Disney
Harry Potter
NBA
Kpop
Marvel
Anime
Crossword
NFL
Pokémon
Soccer
Song
Puzzle
Country
The Office
WWE
Your Account Isn't Verified!
In order to create a playlist on Sporcle, you need to verify the email address you used during registration. Go to your
Sporcle Settings
to finish the process.
Report this User
Report this user for behavior that violates our
Community Guidelines
.
Details:
Send Report
Go to the Sporcle.com Mobile Site →
Comments